Jesus according to a woman / (Record no. 5647)

MARC details
000 -LEADER
fixed length control field 00750cam a2200253 i 4500
001 - CONTROL NUMBER
control field 2206278
003 - CONTROL NUMBER IDENTIFIER
control field GBCCL
005 - DATE AND TIME OF LATEST TRANSACTION
control field 20241126110546.0
008 - FIXED-LENGTH DATA ELEMENTS--GENERAL INFORMATION
fixed length control field 750306s1975 nyu b 000 0 eng
010 ## -
-- 74027461
020 ## - INTERNATIONAL STANDARD BOOK NUMBER
International Standard Book Number 0809118610 :
Terms of availability $1.45
040 ## - CATALOGING SOURCE
Original cataloging agency DLC
Transcribing agency DLC
Modifying agency DLC
050 00 -
-- BT590.W6
-- W33
082 00 - DEWEY DECIMAL CLASSIFICATION NUMBER
Classification number 226.082
Item number WAH
100 1# - MAIN ENTRY--PERSONAL NAME
Personal name Wahlberg, Rachel Conrad.
9 (RLIN) 10194
245 10 - TITLE STATEMENT
Title Jesus according to a woman /
Statement of responsibility, etc. by Rachel Conrad Wahlberg.
260 ## - PUBLICATION, DISTRIBUTION, ETC.
Place of publication, distribution, etc. New York :
Name of publisher, distributor, etc. Paulist Press,
Date of publication, distribution, etc. [1975]
300 ## - PHYSICAL DESCRIPTION
Extent 106 p. ;
Dimensions 18 cm.
490 0# - SERIES STATEMENT
Series statement Paulist Press/Deus book
504 ## - BIBLIOGRAPHY, ETC. NOTE
Bibliography, etc. note Bibliography: p. 104-106.
600 00 - SUBJECT ADDED ENTRY--PERSONAL NAME
Personal name Jesus Christ
General subdivision Views on women.
9 (RLIN) 8854
906 ## - LOCAL DATA ELEMENT F, LDF (RLIN)
a 7
b cbc
c orignew
d 2
e ocip
f 19
g y-gencatlg
942 ## - ADDED ENTRY ELEMENTS (KOHA)
Source of classification or shelving scheme Dewey Decimal Classification
Koha item type Books
Koha issues (borrowed), all copies 1
Holdings
Withdrawn status Lost status Source of classification or shelving scheme Damaged status Not for loan Home library Current Library Shelving location Date acquired Total checkouts Full call number Barcode Date last seen Date last checked out Copy number Price effective from Koha item type
    Dewey Decimal Classification     GRACE BIBLE COLLEGE GRACE BIBLE COLLEGE Biblical Studies 2018-04-03 2 226.082 WAH 003421 2025-05-01 2025-02-05 c.1 2018-04-03 Books
© Grace Bible College Library 2025